000 01027cam a2200325Ia 4500
001 44672
005 20230411085957.0
008 001013s1988 sp a b 000 0 spa d
041 _aspa
020 _a8486984149 (t.1)
020 _a8486984157 (t.2)
020 _a8486984130 (Obra completa)
035 _a(OCoLC)45170103
090 0 0 _aQC 225.7
_bT255 1988
049 _aGRAL
245 1 0 _aTécnicas de grabación sonora /
_cManuel Recuero López ... [et al.] ; coordinador: Manuel Recuero López.
260 _aMadrid :
_bInstituto Oficial de Radio y Televisión,
_c1988.
300 _a2 t. :
_bill. ;
_c30 cm.
440 0 _aManuales profesionales
504 _aIncludes bibliographical references.
650 0 _aSound.
650 0 _aAcoustics.
650 0 _aArchitectural acoustics.
650 0 _aUnderwater acooustics.
653 _aIngeniería acústica.
700 1 _aRecuerdo López, Manuel.
_ecoor.
938 _aPuvill Libros
_bPUVL
_n8428326398
_c$71.50
942 _2lcc
_cbk
994 _aC0
_bDRFGD
999 _c110347
_d110347